Acta botanica Fennica.

Bibliographic Details
Format: Journal
Language:Finnish
Language Notes:Contributions in various languages.
Published: Helsingforsiae, [publisher not identified] ; 1925-
Subjects:

MARC

Tag First Indicator Second Indicator Subfields
LEADER 00000cas a2200000 4500
001 in00000307174
005 20151010143622.0
008 750720c19259999fi uu p 0uu1a0finm
010 |a  30017241  
035 |a (OCoLC)01460855 
035 |9 ABH5594AM 
040 |a MUL  |c MUL  |d COO  |d NSD  |d TXA  |d UtOrBLW 
049 |a TXAE 
050 0 |a QH7  |b .S76 
082 0 |a 580.62471 
245 0 0 |a Acta botanica Fennica. 
246 3 3 |a Societas pro Fauna et Flora Fennica, Helsingfors 
264 1 |a Helsingforsiae,  |b [publisher not identified] ;  |c 1925- 
300 |a  numbers in volumes :  |b illustrations ;  |c 26 cm. 
336 |a text  |b txt  |2 rdacontent 
337 |a unmediated  |b n  |2 rdamedia 
338 |a volume  |b nc  |2 rdacarrier 
362 0 |a 1- 
500 |a At head of title: Societas pro Fauna et Flora Fennica. 
546 |a Contributions in various languages. 
555 |a No. 1-40, 1925-47. (Issued as no. 41) 
650 0 |a Botany  |x Societies, etc. 
650 0 |a Botany  |z Finland. 
999 |a MARS 
999 f f |s a010cae0-1ce6-3ff0-a33c-d46220a55545  |i aac0e092-fe9b-3c4b-a47d-1b467cb80d51  |t 0 
952 f f |p storage  |a Texas A&M University  |b J.J. Pickle Campus  |c High Density Repository  |d Remote Storage  |t 0  |e QH7 .S76  |h Library of Congress classification  |i unmediated -- volume  |k [no.]26-28  |l 1940-1941  |m A14840828411 
952 f f |p storage  |a Texas A&M University  |b J.J. Pickle Campus  |c High Density Repository  |d Remote Storage  |t 0  |e QH7 .S76  |h Library of Congress classification  |i unmediated -- volume  |k [no.]10-16  |l 1931-1935  |m A14811195035 
952 f f |p storage  |a Texas A&M University  |b J.J. Pickle Campus  |c High Density Repository  |d Remote Storage  |t 0  |e QH7 .S76  |h Library of Congress classification  |i unmediated -- volume  |k [no.]4-9  |l 1928-1931  |m A14840828657 
952 f f |p storage  |a Texas A&M University  |b J.J. Pickle Campus  |c High Density Repository  |d Remote Storage  |t 0  |e QH7 .S76  |h Library of Congress classification  |i unmediated -- volume  |k [no.]34-41  |l 1944-1948  |m A14840828534 
952 f f |p storage  |a Texas A&M University  |b J.J. Pickle Campus  |c High Density Repository  |d Remote Storage  |t 0  |e QH7 .S76  |h Library of Congress classification  |i unmediated -- volume  |k [no.]1-3  |l 1925-1927  |m A14840828330 
952 f f |p storage  |a Texas A&M University  |b J.J. Pickle Campus  |c High Density Repository  |d Remote Storage  |t 0  |e QH7 .S76  |h Library of Congress classification  |i unmediated -- volume  |k [no.]42-48  |l 1948-1951  |m A14840828576 
952 f f |p storage  |a Texas A&M University  |b J.J. Pickle Campus  |c High Density Repository  |d Remote Storage  |t 0  |e QH7 .S76  |h Library of Congress classification  |i unmediated -- volume  |k [no.]17-20  |l 1935-1937  |m A14840828699 
952 f f |p storage  |a Texas A&M University  |b J.J. Pickle Campus  |c High Density Repository  |d Remote Storage  |t 0  |e QH7 .S76  |h Library of Congress classification  |i unmediated -- volume  |k [no.]29-33  |l 1941-1943  |m A14840828453 
952 f f |p storage  |a Texas A&M University  |b J.J. Pickle Campus  |c High Density Repository  |d Remote Storage  |t 0  |e QH7 .S76  |h Library of Congress classification  |i unmediated -- volume  |k [no.]49-52  |l 1951-1953  |m A14840828615 
952 f f |p storage  |a Texas A&M University  |b J.J. Pickle Campus  |c High Density Repository  |d Remote Storage  |t 0  |e QH7 .S76  |h Library of Congress classification  |i unmediated -- volume  |k [no.]21-25  |l 1938-1940  |m A14840828372 
998 f f |a QH7 .S76  |s [no.]1-52 (1925-1953)  |t 0  |l Remote Storage